[Event "Ayr op"]
[Site "Ayr"]
[Date "2018.05.27"]
[Round "5"]
[White "Grant, Alan"]
[Black "Gray, Euan"]
[Result "1-0"]
[WhiteElo "2056"]
[BlackElo "1862"]
[PlyCount "87"]
[EventDate "2018.05.25"]
[EventType "swiss"]
[EventRounds "5"]
[EventCountry "SCO"]
[SourceTitle "CBM 184 Extra"]
[Source "ChessBase"]
[SourceDate "2018.06.28"]
[SourceVersion "1"]
[SourceVersionDate "2018.06.28"]
[SourceQuality "1"]

1. d4 Nf6 2. Bg5 e6 3. Nd2 d5 4. e3 h6 5. Bh4 c5 6. Ngf3 Bd6 7. Be2 Nbd7 8. 0-0 Qc7 9. c4 b6 10. cxd5 exd5 11. dxc5 bxc5 12. Bg3 Bxg3 13. hxg3 0-0 14. Qc2 Qb6 15. b3 Rb8 16. Rac1 Re8 17. Rfd1 Ba6 18. Bxa6 Qxa6 19. Ne1 Rbc8 20. Nd3 Qb6 21. Nb2 Rc6 22. Nf3 Rec8 23. Na4 Qc7 24. Qf5 g6 25. Qf4 Qxf4 26. gxf4 Nb6 27. Nc3 a5 28. Nb5 Re6 29. Rc2 Ne4 30. Rdc1 f6 31. f5 gxf5 32. Nbd4 Re7 33. Nxf5 Rec7 34. Nxh6+ Kh7 35. Nf5 c4 36. N3d4 Rc5 37. Ne6 R5c6 38. Nfd4 Rd6 39. f3 Ng5 40. Nxg5+ fxg5 41. g4 Rh6 42. Nf5 Re6 43. Rh2+ Kg8 44. Rh5 1-0

[Event "Ayr op"]
[Site "Ayr"]
[Date "2018.05.26"]
[Round "2"]
[White "Irving, Neil"]
[Black "Grant, Alan"]
[Result "1-0"]
[WhiteElo "1890"]
[BlackElo "2056"]
[PlyCount "61"]
[EventDate "2018.05.25"]
[EventType "swiss"]
[EventRounds "5"]
[EventCountry "SCO"]
[SourceTitle "CBM 184 Extra"]
[Source "ChessBase"]
[SourceDate "2018.06.28"]
[SourceVersion "1"]
[SourceVersionDate "2018.06.28"]
[SourceQuality "1"]

1. d4 e6 2. c4 Nf6 3. g3 Bb4+ 4. Bd2 a5 5. Bg2 0-0 6. e4 d6 7. Ne2 e5 8. 0-0 Bxd2 9. Qxd2 c6 10. Nbc3 Na6 11. Rfd1 Qe7 12. a3 exd4 13. Qxd4 Be6 14. Rab1 Nc5 15. b4 axb4 16. axb4 Na4 17. Nxa4 Rxa4 18. Nc3 Ra3 19. Ra1 Rxa1 20. Rxa1 Nd7 21. Bf1 c5 22. bxc5 Nxc5 23. Rd1 Rc8 24. Qxd6 Qxd6 25. Rxd6 f6 26. f3 Kf7 27. Nd5 Rc6 28. Rd8 Rc8 29. Rxc8 Bxc8 30. Kf2 Ke6 31. Bh3+ 1-0

[Event "Perth Congress"]
[Site "Perth"]
[Date "2017.02.18"]
[Round "2"]
[White "Dabos Doukas, Ioannis"]
[Black "Grant, Alan"]
[Result "0-1"]
[WhiteElo "1799"]
[BlackElo "2094"]
[PlyCount "132"]
[EventDate "2017.02.17"]
[EventType "swiss"]
[EventRounds "5"]
[EventCountry "SCO"]
[SourceTitle "CBM 176 Extra"]
[Source "ChessBase"]
[SourceDate "2017.03.02"]
[SourceVersion "1"]
[SourceVersionDate "2017.03.02"]
[SourceQuality "1"]

1. d4 d5 2. Bf4 Nf6 3. e3 c5 4. Nc3 e6 5. Nb5 Na6 6. c3 Be7 7. Bd3 0-0 8. dxc5 Bxc5 9. Nf3 Bd7 10. Nbd4 Be7 11. 0-0 Nc5 12. Bc2 Qb6 13. Rb1 Rfc8 14. Ne5 Be8 15. Qf3 Ncd7 16. Qh3 g6 17. Ndf3 Nxe5 18. Bxe5 Nd7 19. Bf4 f6 20. Bh6 Nf8 21. Nd4 Bf7 22. Qg3 e5 23. Nf5 Re8 24. h4 Ne6 25. Ba4 Nc5 26. Bxe8 Rxe8 27. f3 Bd8 28. h5 g5 29. Kh1 Ne6 30. f4 exf4 31. exf4 Bc7 32. Qg4 Bxf4 33. g3 Be5 34. Rbe1 Kh8 35. Rxe5 fxe5 36. Bxg5 Nxg5 37. Qxg5 Rg8 38. Qe7 Qe6 39. h6 Qxe7 40. Nxe7 Rf8 41. g4 d4 42. Kg1 d3 43. g5 Rd8 44. Rd1 d2 45. g6 hxg6 46. Kf2 Rd7 47. Nc8 Bxa2 48. Ke2 a6 49. Rxd2 Rxd2+ 50. Kxd2 Kh7 51. Ke3 Bd5 52. Nb6 Bc6 53. Nc4 e4 54. Nd6 Kxh6 55. c4 a5 56. Nf7+ Kg7 57. Ng5 Kf6 58. Kf4 b6 59. Nh7+ Ke6 60. Nf8+ Kf7 61. Nh7 Ke7 62. b3 Kd6 63. Nf8 g5+ 64. Ke3 g4 65. Ng6 Kc5 66. Ne5 g3 0-1

[Event "SCO-ch 123rd"]
[Site "Glasgow"]
[Date "2016.07.09"]
[Round "1"]
[White "Parks, Joseph"]
[Black "Grant, Alan"]
[Result "1-0"]
[WhiteElo "1906"]
[BlackElo "2123"]
[PlyCount "89"]
[EventDate "2016.07.09"]
[EventType "swiss"]
[EventRounds "9"]
[EventCountry "SCO"]
[SourceTitle "CBM 173 Extra"]
[Source "ChessBase"]
[SourceDate "2016.08.29"]
[SourceVersion "1"]
[SourceVersionDate "2016.08.29"]
[SourceQuality "1"]

1. d4 Nf6 2. c4 e6 3. g3 Bb4+ 4. Bd2 a5 5. Bg2 0-0 6. e3 d6 7. Ne2 Nbd7 8. Nbc3 Re8 9. 0-0 e5 10. Qc2 c6 11. b3 Qe7 12. a3 Bxc3 13. Nxc3 Nf8 14. dxe5 dxe5 15. Ne4 Nxe4 16. Bxe4 Bh3 17. Rfd1 h5 18. Bf5 Bxf5 19. Qxf5 g6 20. Qc2 h4 21. e4 Red8 22. Be3 Rxd1+ 23. Qxd1 Rd8 24. Qg4 hxg3 25. hxg3 Rd3 26. Kg2 Qd7 27. Qg5 Rd1 28. Rxd1 Qxd1 29. Qxe5 Ne6 30. Qb8+ Kg7 31. Qxb7 c5 32. Qb8 Nd4 33. Bh6+ Kf6 34. Qf4+ Ke6 35. Bg7 f5 36. exf5+ gxf5 37. Qe5+ Kf7 38. Qf6+ Kg8 39. Qf8+ Kh7 40. Bxd4 cxd4 41. Qxf5+ Kh8 42. c5 d3 43. c6 Qc2 44. c7 Qc6+ 45. Qf3 1-0

[Event "Oban op"]
[Site "Oban"]
[Date "2015.11.20"]
[Round "1"]
[White "Grant, Alan"]
[Black "Robinson, Stephen"]
[Result "0-1"]
[WhiteElo "1990"]
[BlackElo "1753"]
[PlyCount "72"]
[EventDate "2015.10.20"]
[EventType "swiss"]
[EventRounds "5"]
[EventCountry "SCO"]
[SourceTitle "EXT 2023"]
[Source "ChessBase"]
[SourceDate "2022.10.05"]
[SourceVersion "1"]
[SourceVersionDate "2022.10.05"]
[SourceQuality "1"]

1. d4 e6 2. Nf3 f5 3. h3 b6 4. g4 Bb7 5. Bg2 Nf6 6. Nc3 Bb4 7. Bg5 h6 8. Bxf6 Qxf6 9. Qd2 Nc6 10. 0-0-0 0-0-0 11. a3 Bxc3 12. Qxc3 fxg4 13. hxg4 Qf4+ 14. Kb1 Ne7 15. Rhg1 Nd5 16. Qe1 Nf6 17. e3 Qxg4 18. Ne5 Qh5 19. Bxb7+ Kxb7 20. Rxg7 d6 21. Ng6 Rhg8 22. Nf4 Qf5 23. Qh1+ d5 24. Rdg1 Rxg7 25. Rxg7 h5 26. Qh4 Rd6 27. Qg5 Ng4 28. Nd3 Qf3 29. Qxh5 Qd1+ 30. Ka2 Qxc2 31. Qxg4 Qc4+ 32. Ka1 Qxd3 33. Qh3 Qd1+ 34. Ka2 Rc6 35. Qg4 Qd3 36. Qf3 Rc1 0-1

[Event "Commonwealth-ch"]
[Site "Glasgow"]
[Date "2014.07.06"]
[Round "7"]
[White "Grant, Alan"]
[Black "Doyle, James J"]
[Result "1-0"]
[WhiteElo "2158"]
[BlackElo "1981"]
[PlyCount "85"]
[EventDate "2014.06.30"]
[EventType "swiss"]
[EventRounds "9"]
[EventCountry "SCO"]
[SourceTitle "CBM 161 Extra"]
[Source "ChessBase"]
[SourceDate "2014.08.29"]
[SourceVersion "1"]
[SourceVersionDate "2014.08.29"]
[SourceQuality "1"]

1. c4 Nf6 2. Nf3 c5 3. g3 g6 4. Bg2 Bg7 5. Nc3 0-0 6. 0-0 Nc6 7. d3 h6 8. a3 d6 9. Rb1 a5 10. Ne1 e5 11. Nc2 Nd4 12. b4 Rb8 13. Bd2 axb4 14. axb4 b6 15. Ne3 Bb7 16. Ned5 Bxd5 17. Nxd5 Nd7 18. e3 Ne6 19. Bc3 Kh7 20. Qc2 Nc7 21. Nxc7 Qxc7 22. b5 Nf6 23. Ra1 Rbd8 24. Qb2 Rde8 25. Ra6 Rb8 26. Rfa1 Qd7 27. Ra7 Qf5 28. Qc2 Rbd8 29. R1a6 Ng4 30. h3 Nf6 31. Rxb6 d5 32. cxd5 c4 33. e4 cxd3 34. Qa4 Qg5 35. Qd1 Rc8 36. Rc6 Ng8 37. h4 Qd8 38. Ba5 Qe8 39. Qxd3 Rxc6 40. bxc6 Qb8 41. Rb7 Qa8 42. Qb5 Qc8 43. Bb4 1-0

[Event "Commonwealth-ch"]
[Site "Glasgow"]
[Date "2014.07.04"]
[Round "4"]
[White "Du Toit, Stefan"]
[Black "Grant, Alan"]
[Result "1/2-1/2"]
[WhiteElo "1879"]
[BlackElo "2158"]
[PlyCount "52"]
[EventDate "2014.06.30"]
[EventType "swiss"]
[EventRounds "9"]
[EventCountry "SCO"]
[SourceTitle "CBM 161 Extra"]
[Source "ChessBase"]
[SourceDate "2014.08.29"]
[SourceVersion "1"]
[SourceVersionDate "2014.08.29"]
[SourceQuality "1"]

1. c4 Nf6 2. Nc3 g6 3. g3 Bg7 4. Bg2 0-0 5. d3 d6 6. e3 Nc6 7. Nge2 Bd7 8. 0-0 Qc8 9. Re1 e5 10. Rb1 a5 11. a3 Re8 12. b4 axb4 13. axb4 Bf5 14. e4 Bh3 15. Bh1 h5 16. Bg5 Be6 17. b5 Nb8 18. Qc2 Nbd7 19. Nd5 c6 20. Bxf6 Bxf6 21. Nxf6+ Nxf6 22. Rec1 c5 23. Ra1 b6 24. Ra4 Qb7 25. Rca1 Reb8 26. Nc3 Ne8 1/2-1/2

[Event "Dundee & Angus op"]
[Site "Dundee"]
[Date "2013.10.11"]
[Round "1"]
[White "Kelly, J Steven"]
[Black "Grant, Alan"]
[Result "1-0"]
[WhiteElo "1830"]
[BlackElo "2122"]
[PlyCount "89"]
[EventDate "2013.10.11"]
[EventType "swiss"]
[EventRounds "5"]
[EventCountry "SCO"]
[SourceTitle "EXT 2017"]
[Source "ChessBase"]
[SourceDate "2016.10.25"]
[SourceVersion "1"]
[SourceVersionDate "2016.10.25"]
[SourceQuality "1"]

1. e4 d6 2. Nc3 Nf6 3. Bc4 c6 4. Bb3 b5 5. d3 a5 6. a4 b4 7. Nce2 Na6 8. Nf3 Nc5 9. Bc4 e6 10. e5 Nd5 11. Ned4 Bb7 12. Bxd5 cxd5 13. Bg5 Be7 14. Bxe7 Qxe7 15. exd6 Qxd6 16. Nb5 Qb6 17. Nbd4 0-0 18. 0-0 Rfe8 19. Re1 f6 20. c3 g6 21. Nb5 Ba6 22. c4 dxc4 23. dxc4 Rad8 24. Qc2 Bb7 25. Re3 e5 26. Rae1 Ne6 27. Nd2 Rd7 28. Ne4 Bxe4 29. Qxe4 Red8 30. h4 Nc5 31. Qf3 Nxa4 32. b3 Nc5 33. g4 e4 34. Qg3 Rd3 35. Nc7 Nxb3 36. Nd5 Qd6 37. Rxd3 exd3 38. Qxd3 Nc5 39. Qd4 Kf8 40. Qd2 Kg7 41. g5 Nd7 42. Re7+ Kh8 43. Qd4 Ne5 44. Qf4 Nxc4 45. Qxf6+ 1-0

[Event "SCO-ch 120th"]
[Site "Helensburgh"]
[Date "2013.07.10"]
[Round "5"]
[White "McKay, Roderick M"]
[Black "Grant, Alan"]
[Result "1-0"]
[WhiteElo "2370"]
[BlackElo "2156"]
[PlyCount "91"]
[EventDate "2013.07.06"]
[EventType "swiss"]
[EventRounds "9"]
[EventCountry "SCO"]
[SourceTitle "EXT 2014"]
[Source "ChessBase"]
[SourceDate "2013.11.20"]
[SourceVersion "1"]
[SourceVersionDate "2013.11.20"]
[SourceQuality "1"]

1. f4 Nf6 2. Nf3 g6 3. g3 Bg7 4. Bg2 0-0 5. 0-0 c5 6. d3 Nc6 7. e4 d6 8. Nh4 Bg4 9. Qd2 Bd7 10. Nc3 Rb8 11. h3 b5 12. Qf2 Nd4 13. Nd1 b4 14. Ne3 e6 15. a3 a5 16. axb4 axb4 17. g4 Ne8 18. f5 Bc6 19. Nf3 g5 20. Kh1 Nxf3 21. Qxf3 Bf6 22. Nc4 e5 23. Bd2 Nc7 24. Be3 Nb5 25. b3 Qc7 26. Qf2 Kg7 27. Ra6 Ra8 28. Rfa1 Nd4 29. Qd2 h6 30. Bxd4 Rxa6 31. Rxa6 Bb5 32. Bxe5 Bxe5 33. Ra2 Bxc4 34. dxc4 Qb7 35. Qd5 Rb8 36. Bf3 Qxd5 37. cxd5 c4 38. Be2 cxb3 39. cxb3 Rc8 40. Bc4 Bd4 41. Kg2 Rc7 42. Ra6 Bc5 43. e5 dxe5 44. f6+ Kg8 45. Ra8+ Bf8 46. Kf3 1-0

[Event "SCO-ch 120th"]
[Site "Helensburgh"]
[Date "2013.07.09"]
[Round "4"]
[White "Grant, Alan"]
[Black "Muir, Andrew Joseph"]
[Result "1-0"]
[WhiteElo "2156"]
[BlackElo "2325"]
[PlyCount "97"]
[EventDate "2013.07.06"]
[EventType "swiss"]
[EventRounds "9"]
[EventCountry "SCO"]
[SourceTitle "EXT 2014"]
[Source "ChessBase"]
[SourceDate "2013.11.20"]
[SourceVersion "1"]
[SourceVersionDate "2013.11.20"]
[SourceQuality "1"]

1. c4 e6 2. Nf3 d5 3. g3 dxc4 4. Qa4+ Nd7 5. Bg2 a6 6. Qxc4 b5 7. Qc2 Bb7 8. 0-0 c5 9. b3 Ngf6 10. Bb2 Be7 11. d3 0-0 12. Nbd2 Rc8 13. Rac1 Nd5 14. a3 Bf6 15. Bxf6 Qxf6 16. Rfe1 e5 17. Qb2 Qe7 18. Bh3 N5b6 19. e3 f5 20. Nh4 g6 21. Bg2 e4 22. f4 Nf6 23. dxe4 fxe4 24. Bh3 Rcd8 25. Rc2 Rd5 26. Re2 Rfd8 27. Ng2 Bc8 28. Bxc8 Rxc8 29. h3 Kf7 30. g4 h5 31. g5 Ne8 32. Nh4 Ng7 33. Nxe4 Qxe4 34. Qf6+ Kg8 35. Qxb6 Rd1+ 36. Kf2 Qh1 37. Kg3 Rg1+ 38. Rg2 Rxg2+ 39. Nxg2 Nf5+ 40. Kf2 Kh8 41. Qf6+ Kh7 42. Rd2 Rg8 43. Rd7+ Rg7 44. Rd8 Ne7 45. Qf8 Ng8 46. f5 Qxh3 47. f6 Qf5+ 48. Kg1 Qb1+ 49. Kh2 1-0

[Event "Glenrothes op"]
[Site "Glenrothes"]
[Date "2013.03.17"]
[Round "4"]
[White "Grant, Alan"]
[Black "Spencer, Edwin A"]
[Result "1/2-1/2"]
[WhiteElo "2164"]
[BlackElo "2117"]
[PlyCount "78"]
[EventDate "2013.03.15"]
[EventType "swiss"]
[EventRounds "5"]
[EventCountry "SCO"]
[SourceTitle "EXT 2023"]
[Source "ChessBase"]
[SourceDate "2022.10.05"]
[SourceVersion "1"]
[SourceVersionDate "2022.10.05"]
[SourceQuality "1"]

1. c4 e5 2. Nc3 Nc6 3. g3 g6 4. Bg2 Bg7 5. e3 d6 6. Nge2 Nge7 7. b3 h5 8. h4 Bf5 9. d3 Nb4 10. e4 Bg4 11. f3 Bd7 12. Be3 c5 13. 0-0 0-0 14. Qd2 Kh7 15. Rf2 Ng8 16. Raf1 Nc6 17. Nd5 Nd4 18. Kh2 Be6 19. Ng1 a6 20. Bh3 Nh6 21. Bg5 f6 22. Be3 Bg8 23. f4 Bxd5 24. cxd5 exf4 25. Bxf4 Ng4+ 26. Bxg4 hxg4 27. Kh1 Qd7 28. Rh2 Rae8 29. h5 f5 30. hxg6+ Kg8 31. Re1 Rf6 32. Be3 Rxg6 33. Bxd4 Bxd4 34. exf5 Rxe1 35. Qxe1 Qxf5 36. Qe8+ Kg7 37. Qe7+ Kg8 38. Qe8+ Kg7 39. Qe7+ Kg8 1/2-1/2

[Event "Hastings Masters op 88th"]
[Site "Hastings"]
[Date "2013.01.01"]
[Round "5"]
[White "Grant, Alan"]
[Black "Waddington, Mike P"]
[Result "1-0"]
[WhiteElo "2165"]
[BlackElo "2117"]
[PlyCount "117"]
[EventDate "2012.12.28"]
[EventType "swiss"]
[EventRounds "10"]
[EventCountry "ENG"]
[SourceTitle "CBM 152 Extra"]
[Source "ChessBase"]
[SourceDate "2013.02.25"]
[SourceVersion "1"]
[SourceVersionDate "2013.02.25"]
[SourceQuality "1"]

1. c4 c5 2. g3 Nf6 3. Bg2 d5 4. cxd5 Nxd5 5. Nc3 Nc7 6. Nf3 Nc6 7. 0-0 e5 8. b3 Be7 9. Bb2 0-0 10. Rc1 f6 11. Ne1 Bd7 12. Nd3 Ne6 13. f4 exf4 14. gxf4 Ned4 15. e3 Bf5 16. Ne1 Nb4 17. exd4 cxd4 18. Ne2 Nxa2 19. Ra1 Bc5 20. Ng3 Nc3 21. Qc1 Rc8 22. Kh1 Be6 23. dxc3 Bxb3 24. c4 b5 25. Bd5+ Kh8 26. Rf3 bxc4 27. Bxc4 Bxc4 28. Qxc4 Bb6 29. Qf1 Re8 30. Qg2 Qd5 31. Rd3 Qb5 32. Qd2 Rc4 33. Ng2 Rec8 34. Rc1 Rxc1+ 35. Bxc1 Qb1 36. Ne2 Rc2 37. Qd1 g6 38. Rd2 Rc4 39. Ba3 Qe4 40. Qb3 Qc6 41. Bb2 Kg7 42. h3 a5 43. Bxd4 Rb4 44. Qe3 Qc7 45. Bxb6 Rxb6 46. Qe8 Rd6 47. Rxd6 Qxd6 48. Qa4 Qd3 49. Ng1 Qd5 50. Kh2 Qd2 51. Nf3 Qd5 52. Kg3 h5 53. Ne3 Qd3 54. Qd4 Qa3 55. h4 a4 56. Qd7+ Kg8 57. Nd5 Qa1 58. Qe8+ Kg7 59. Qe7+ 1-0

[Event "Hastings Masters op 88th"]
[Site "Hastings"]
[Date "2012.12.28"]
[Round "1"]
[White "Grant, Alan"]
[Black "Ashton, Adam"]
[Result "0-1"]
[WhiteElo "2165"]
[BlackElo "2366"]
[PlyCount "96"]
[EventDate "2012.12.28"]
[EventType "swiss"]
[EventRounds "10"]
[EventCountry "ENG"]
[SourceTitle "CBM 152 Extra"]
[Source "ChessBase"]
[SourceDate "2013.02.25"]
[SourceVersion "1"]
[SourceVersionDate "2013.02.25"]
[SourceQuality "1"]

1. c4 e6 2. Nf3 d5 3. g3 dxc4 4. Bg2 Nf6 5. 0-0 a6 6. a4 Nc6 7. Qc2 e5 8. Qxc4 Be6 9. Qh4 Be7 10. d3 h6 11. Bg5 0-0 12. Bxf6 Bxf6 13. Qe4 Re8 14. Nbd2 Bd5 15. Qg4 g6 16. a5 Bg7 17. Qa4 f5 18. Rfd1 Nd4 19. e4 Bc6 20. Qc4+ Ne6 21. Nh4 Qf6 22. exf5 Bxg2 23. fxe6 Bc6 24. Ne4 Qxe6 25. Qxe6+ Rxe6 26. Nc5 Rd6 27. Ne4 Rd4 28. Nxg6 Kf7 29. Nh4 Rad8 30. Nc5 Bf8 31. Rdc1 Bxc5 32. Rxc5 Kf6 33. Re1 R8d5 34. Rxd5 Rxd5 35. b4 Rxd3 36. Rb1 Be4 37. Rc1 Rb3 38. f3 Bc6 39. Rc4 h5 40. g4 hxg4 41. fxg4 e4 42. Ng2 e3 43. Rc1 e2 44. Re1 Rxb4 45. h3 Bb5 46. Ne3 Kg5 47. Kh2 Rb3 48. Nf5 Rf3 0-1

[Event "Oban op"]
[Site "Oban"]
[Date "2012.11.17"]
[Round "2"]
[White "Grant, Alan"]
[Black "Jelfs, Alan"]
[Result "1-0"]
[WhiteElo "2114"]
[BlackElo "1858"]
[PlyCount "131"]
[EventDate "2012.11.16"]
[EventType "swiss"]
[EventRounds "5"]
[EventCountry "SCO"]
[SourceTitle "EXT 2023"]
[Source "ChessBase"]
[SourceDate "2022.10.05"]
[SourceVersion "1"]
[SourceVersionDate "2022.10.05"]
[SourceQuality "1"]

1. c4 g6 2. Nc3 Bg7 3. Nf3 c5 4. g3 Nc6 5. Bg2 e6 6. d3 Nge7 7. Bg5 h6 8. Bd2 Rb8 9. a3 d5 10. 0-0 0-0 11. Rb1 b6 12. b4 cxb4 13. axb4 d4 14. Na4 b5 15. Nc5 Qb6 16. Qc2 Rd8 17. Rfc1 e5 18. Ne1 a6 19. Ne4 Kh7 20. c5 Qc7 21. Nd6 Nf5 22. Nxf7 Nxb4 23. Bxb4 Qxf7 24. c6 Re8 25. c7 Rb6 26. Bc6 Rf8 27. Bxf8 Bxf8 28. Be4 Nd6 29. Bg2 Ne8 30. Qb3 Qxb3 31. Rxb3 Bd6 32. Nf3 Nxc7 33. Nd2 Be6 34. Rbb1 Nd5 35. Bxd5 Bxd5 36. Nc4 Bxc4 37. dxc4 Ba3 38. Rd1 b4 39. e3 Rd6 40. exd4 exd4 41. c5 Rd5 42. c6 Rd6 43. c7 Rc6 44. Rxd4 Rxc7 45. Rbd1 a5 46. Rd7+ Rxd7 47. Rxd7+ Kg8 48. Ra7 Bc1 49. Rxa5 b3 50. Rb5 b2 51. Kf1 Kf7 52. Ke2 Ke6 53. Kd3 Kd6 54. Kc2 Kc6 55. Rb8 Kc5 56. Rg8 g5 57. Rg6 h5 58. Rh6 Kd4 59. Rxh5 Ke4 60. Rh8 Kf3 61. h4 gxh4 62. gxh4 Kxf2 63. h5 Kf3 64. h6 Bg5 65. h7 Ke4 66. Re8+ 1-0

[Event "Oban op"]
[Site "Oban"]
[Date "2012.11.16"]
[Round "1"]
[White "Grant, David"]
[Black "Grant, Alan"]
[Result "0-1"]
[WhiteElo "1906"]
[BlackElo "2114"]
[PlyCount "59"]
[EventDate "2012.11.16"]
[EventType "swiss"]
[EventRounds "5"]
[EventCountry "SCO"]
[SourceTitle "EXT 2023"]
[Source "ChessBase"]
[SourceDate "2022.10.05"]
[SourceVersion "1"]
[SourceVersionDate "2022.10.05"]
[SourceQuality "1"]

1. e4 c5 2. c3 b6 3. d4 Bb7 4. f3 e6 5. Be3 Nf6 6. Nd2 d5 7. Bd3 Nc6 8. e5 Nd7 9. Rc1 a5 10. f4 g6 11. Ne2 c4 12. Bb1 b5 13. 0-0 Qb6 14. g4 0-0-0 15. Nf3 Be7 16. Qd2 h5 17. f5 hxg4 18. fxe6 fxe6 19. Ng5 Ncxe5 20. dxe5 Bxg5 21. Nd4 Be7 22. Nf5 gxf5 23. Bxb6 Nxb6 24. Bxf5 Bc5+ 25. Kg2 d4+ 26. Kg3 exf5 27. Qg5 Rh3+ 28. Kf4 Be4 29. Qg6 Nd5+ 30. Kg5 0-1

[Event "SCO-ch 119th"]
[Site "Glasgow"]
[Date "2012.07.14"]
[Round "8"]
[White "Quinn, David"]
[Black "Grant, Alan"]
[Result "0-1"]
[WhiteElo "1969"]
[BlackElo "2155"]
[PlyCount "78"]
[EventDate "2012.07.07"]
[EventType "swiss"]
[EventRounds "9"]
[EventCountry "SCO"]
[SourceTitle "EXT 2023"]
[Source "ChessBase"]
[SourceDate "2022.10.05"]
[SourceVersion "1"]
[SourceVersionDate "2022.10.05"]
[SourceQuality "1"]

1. d4 d5 2. Nf3 Nf6 3. c4 dxc4 4. e3 Bg4 5. h3 Bh5 6. Bxc4 e6 7. 0-0 Nbd7 8. Nc3 Bb4 9. Be2 0-0 10. Qb3 c5 11. Rd1 Qa5 12. a3 Bxc3 13. bxc3 Qc7 14. Bb2 e5 15. dxe5 Nxe5 16. c4 Nxf3+ 17. gxf3 Rad8 18. Qc3 b6 19. Kg2 Rfe8 20. a4 a5 21. Rg1 Re6 22. Kh1 Qc6 23. Rg3 Kf8 24. Kh2 h6 25. Qc2 Bg6 26. Qc3 Red6 27. Rgg1 R6d7 28. Rge1 Bh5 29. e4 Qc7+ 30. Kg1 Ne8 31. Bc1 Rd6 32. f4 Rg6+ 33. Kh1 Bxe2 34. Rxe2 Rd1+ 35. Re1 Qd7 36. Bb2 Rd3 37. Re3 Rxc3 38. Bxc3 Rd6 39. Ree1 Qxh3+ 0-1

[Event "Edinburgh op"]
[Site "Edinburgh"]
[Date "2012.03.31"]
[Round "3"]
[White "Gormally, Daniel"]
[Black "Grant, Alan"]
[Result "1-0"]
[WhiteElo "2529"]
[BlackElo "2177"]
[PlyCount "61"]
[EventDate "2012.03.30"]
[EventType "swiss"]
[EventRounds "5"]
[EventCountry "SCO"]
[SourceTitle "EXT 2014"]
[Source "ChessBase"]
[SourceDate "2013.11.20"]
[SourceVersion "1"]
[SourceVersionDate "2013.11.20"]
[SourceQuality "1"]

1. d4 Nf6 2. c4 e6 3. Nf3 Bb4+ 4. Nc3 c5 5. g3 Bxc3+ 6. bxc3 Qa5 7. Qc2 Nc6 8. Bd2 d6 9. Bg2 Qa6 10. dxc5 dxc5 11. Be3 Nd7 12. Nd2 0-0 13. h3 Rb8 14. Ne4 Qxc4 15. Nd6 Qa6 16. Rd1 Rd8 17. 0-0 Qa5 18. Bg5 f6 19. Bf4 Ra8 20. Bxc6 bxc6 21. Qe4 Qxa2 22. Rd2 Qb3 23. Nc4 e5 24. Be3 Ba6 25. Na5 Qf7 26. Rfd1 Bc8 27. Nxc6 Rf8 28. Nd8 Rxd8 29. Qxa8 Re8 30. Qc6 Nb6 31. Rd8 1-0

[Event "Hastings Masters op 87th"]
[Site "Hastings"]
[Date "2011.12.29"]
[Round "2"]
[White "Hoare, Amy B"]
[Black "Grant, Alan"]
[Result "1/2-1/2"]
[WhiteElo "1930"]
[BlackElo "2186"]
[PlyCount "64"]
[EventDate "2011.12.28"]
[EventType "swiss"]
[EventRounds "9"]
[EventCountry "ENG"]
[SourceTitle "CBM 146 Extra"]
[Source "ChessBase"]
[SourceDate "2012.02.29"]
[SourceVersion "1"]
[SourceVersionDate "2012.02.29"]
[SourceQuality "1"]

1. e4 c6 2. c4 d5 3. cxd5 cxd5 4. exd5 Nf6 5. Nc3 Nxd5 6. Nf3 Nc6 7. Bb5 e6 8. 0-0 Be7 9. Re1 0-0 10. d4 Nf6 11. Be3 a6 12. Bd3 Bd7 13. Rc1 Rc8 14. a3 Qa5 15. Qb3 b5 16. Ne4 Nxe4 17. Bxe4 Bf6 18. Red1 Ne7 19. Qd3 h6 20. Ne5 Rxc1 21. Rxc1 Qd8 22. Rc5 Bxe5 23. dxe5 Bc6 24. h3 Bxe4 25. Qxe4 Qd7 26. Qc2 Nd5 27. Bd2 Nb6 28. Bb4 Rc8 29. Rxc8+ Nxc8 30. Bc5 Qc7 31. Qc3 Nb6 32. Bxb6 Qxb6 1/2-1/2